Introducción a la simulación y SLAM

Uloženo v:
Podrobná bibliografie
Hlavní autoři: Pritsker, A. Alan (Autor), Pegden, Claude Dennis (Autor)
Médium: Kniha
Jazyk:španělština
Vydáno: s.n 1980
Témata:
Tagy: Přidat tag
Žádné tagy, Buďte první, kdo vytvoří štítek k tomuto záznamu!

MARC

LEADER 00000nam a2200000 a 4500
001 UCY3916
003 CL-VaPUC
008 950123e19800000SP |||||||||||||||||spa|d
082 0 4 |a 003.3  |b PRI  |2 21 
100 0 |a Pritsker, A. Alan  |e author  |9 332344 
700 0 |a Pegden, Claude Dennis  |e author  |9 332345 
245 1 0 |a Introducción a la simulación y SLAM 
300 |a 86 h 
942 |c BK 
945 |d 19950123 00:00:00  |a mfernand 
260 |b s.n  |c 1980 
650 7 |a SLAM  |2 CL-VaPUC  |9 332346 
650 0 |a Lenguajes de programación   |9 259458 
650 0 |a Computadores  |9 258188 
650 7 |a SIMULACION POR COMPUTADORES DIGITALES  |2 CL-VaPUC  |9 259422 
583 |a last modification  |c 20130307 08:24:08  |k Rodrigo Vera 
999 |c 231950  |d 231948 
952 |0 0  |1 0  |2 ddc  |4 0  |6 003_300000000000000_PRI_1980  |7 0  |8 A  |9 235805  |a BIBING  |b BIBING  |c RES  |d 2019-11-15  |i 1729799  |o 003.3 PRI 1980  |p 1729799  |r 2025-01-20  |w 2019-11-15  |y BK  |k ING